| 000 | 01217nam0a22002771 4500 | ||
|---|---|---|---|
| 001 | rc\4044708 | ||
| 005 | 20260408005640.0 | ||
| 021 |
_aRU _b[47-23086] |
||
| 035 | _a(NLR Aleph) 008101998 | ||
| 090 |
_a9250317 _c9250317 |
||
| 100 | _a20130415d1947 |||y0rusy50 ca | ||
| 101 | 0 | _arus | |
| 102 | _aRU | ||
| 105 | _ay z ||||| | ||
| 200 | 1 |
_aИнструкции по технике безопасности при работе на обувных машинах _fУтв. Гл. упр. обувной пром-сти МЛП СССР и ЦК Профсоюза рабочих обувной пром-сти _gМ-во легкой пром-сти СССР. Гл. упр. обувной пром-сти |
|
| 205 | _a[Офиц. изд.] | ||
| 210 |
_aМосква _cстеклогр. ЦНИКПа _d1947 |
||
| 215 |
_a71 л. _d31 |
||
| 300 | _aСтеклогр. изд. | ||
| 606 |
_aОбувные машины _xТехника безопасности _2psbo |
||
| 712 | 0 | 1 |
_aСССР _bГлавное управление обувной промышленности _3RU\NLR\AUTH\8810170661 _9837178 |
| 801 | 0 |
_aRU _bNLR _gpsbo |
|
| 801 | 1 |
_aRU _bELAR _2rusmarc |
|
| 852 |
_aNLR _jТ60 Г-8/10 |
||
| 942 | _cBOOK | ||
| 980 | _aNB | ||